| 000 | 01641aam a22003977a 4500 | ||
|---|---|---|---|
| 999 |
_c26605 _d26605 |
||
| 001 | 15214698 | ||
| 003 | OSt | ||
| 005 | 20170204164459.0 | ||
| 008 | 080311s2007 nz ae 001 0deng d | ||
| 010 | _a 2008378555 | ||
| 020 | _a9781877372483 | ||
| 035 | _a(OCoLC)166384218 | ||
| 035 | _a(Nz)11544640 | ||
| 035 | _a(OCoLC)ocn166384218 | ||
| 040 |
_aBTCTA _cBTCTA _dYDXCP _dOCoLC _dDP _dDLC |
||
| 042 | _alccopycat | ||
| 043 | _au-nz--- | ||
| 050 | 0 | 0 | _aNA1606.5 .M34 2007 |
| 082 | 0 | 4 |
_a720.99391 _221 |
| 100 | 1 |
_aMcCoy, E. J. _q(Edward John), _d2007- |
|
| 245 | 1 | 2 |
_aA southern architecture : _bthe work of Ted McCoy / _cwith an introduction by Douglas Lloyd-Jenkins. |
| 260 |
_aDunedin, N.Z. : _bOtago University Press, _c2007. |
||
| 300 |
_a173 p. : _bill. (some col.), plans ; _c28 cm. |
||
| 500 | _aIncludes index. | ||
| 505 | 0 | _aAbout the architect -- Influences -- Houses -- Churches -- Major buildings. | |
| 600 | 1 | 0 |
_aMcCoy, E. J. _q(Edward John), _d2007- |
| 650 | 0 |
_aArchitects _zNew Zealand. |
|
| 650 | 0 |
_aArchitecture _zNew Zealand _xHistory _y20th century. |
|
| 650 | 0 |
_aArchitecture _zNew Zealand _zDunedin. |
|
| 650 | 0 |
_aArchitecture _zNew Zealand _zOtago. |
|
| 700 | 1 | _aLloyd-Jenkins, Douglas. | |
| 906 |
_a7 _bcbc _ccopycat _d2 _encip _f20 _gy-gencatlg |
||
| 942 |
_2lcc _cBOOKS _hNA1606.5 .M34 2007 _k34290 |
||